000 00697nam a2200181 a 4500
001 ASINB000OWIFY2
005 20140905192439.0
008 140905s1974 xxu eng d
020 _a1135435820 (hardcover)
020 _a9781135435820 (hardcover)
245 1 0 _aHigh stakes and desperate men :
_bclassics of espionage /
_cReader's Digest.
250 _aFirst ed.
260 _a[S.l.] :
_bReader's Digest Association,
_c1974.
300 _a734 p. ;
_c24 cm.
520 _aA selection of the best stories, true and fictional, about the dangerous shadow world of the spy.
700 1 _aDigest, Reader's.
856 4 0 _3Amazon.com
_uhttp://www.amazon.com/exec/obidos/ASIN/B000OWIFY2/chopaconline-20
999 _c9425
_d9425